000 01094naa a22003137a 4500
001 BR7805135
003 BR-BrBNA
005 20240918174158.0
007 ta
008 230509b bl.||||| |||| 00| 0 por d
040 _aBR-BrBNA
_bpor
_cBiblioteca Nacional de Agricultura
041 _a(Pt)
072 _aE70; F50
_b1112
_bG514
090 _aE70 BR7805135
100 1 _aDuarte, G. de S.
100 1 _aSouza, M. de
100 1 _aPadua, T. de
245 1 _aCaracterizacao morfologica do cacho de bananeira prata [Musa acuminata, controle de qualidade, Jesuania, Minas Gerais, Brasil]
260 3 _aBelo Horizonte, MG (Brasil):
_c1978.
500 _aProjeto fruticultura. Relatorio 1974/77 Belo Horizonte, MG (Brasil): 1978. p. 76-82 (BR7805135-AM)E70
650 _aBANANA PRATA
650 _aCACHO
650 _aCONTROLE DE QUALIDADE
650 _aMORFOLOGIA VEGETAL
650 _aMINAS GERAIS
773 0 _tProjeto fruticultura. Relatorio 1974/77
_wE70 BR7805135
_gBelo Horizonte, MG (Brasil), 1978. p. 76-82
909 _a202404
_bLucia
_c55
_dLucia Elande
942 _cAM
_2AGRIS
999 _c309411
_d309411